[Event "World Senior Teams +65"]
[Site "Radebeul GER"]
[Date "2016.06.27"]
[Round "2.24"]
[Board "4"]
[White "Neffe, Guenther"]
[Black "O'Leary, Matt"]
[Result "0-1"]
[WhiteElo "1606"]
[BlackElo "1862"]
[WhiteTeam "Dresdner Seniorenklub"]
[BlackTeam "Ireland"]
[WhiteFideId "12903388"]
[BlackFideId "2501970"]
[EventDate "2016.06.26"]

1. Nf3 Nf6 2. c4 c5 3. Nc3 Nc6 4. d3 d6 5. g3 g6 6. Bg2 Bg7 7. h3 O-O 8. Be3 a6
9. Qd2 Re8 10. O-O Rb8 11. Ng5 Bd7 12. Rab1 b5 13. cxb5 axb5 14. b3 Qc8 15. Kh2
h6 16. Nge4 Nxe4 17. Nxe4 f5 18. Nc3 Kh7 19. f4 b4 20. Nd1 Nd4 21. Nb2 Bc6 22.
Bxc6 Qxc6 23. Nc4 Ra8 24. Bxd4 Bxd4 25. e3 Bc3 26. Qe2 Ra7 27. Rbc1 Rea8 28. Rc2
Qc7 29. Rf2 d5 30. Ne5 Bxe5 31. fxe5 Qxe5 32. d4 cxd4 33. exd4 Qxd4 34. Qd2 Qxd2
35. Rfxd2 e5 36. Rxd5 Rxa2 37. Rc5 Rxc2+ 38. Rxc2 e4 39. Kg2 Kg7 40. Kf2 Ra3 41.
Rb2 Kf6 42. Ke3 Ke5 43. h4 g5 44. hxg5 hxg5 45. Kf2 f4 46. g4 e3+ 47. Kf3 Kd4
48. Rb1 Ra2 49. Rd1+ Ke5 50. Rf1 Rf2+ 51. Rxf2 exf2 52. Kxf2 Kd4 0-1

[Event "World Senior Teams +65"]
[Site "Radebeul GER"]
[Date "2016.06.27"]
[Round "2.25"]
[Board "1"]
[White "Ritter, Fred"]
[Black "Schmidt, Gerhard3"]
[Result "0-1"]
[WhiteElo "1844"]
[BlackElo "2077"]
[WhiteTeam "BSV Chemie Radebeul"]
[BlackTeam "Saxone"]
[WhiteFideId "12975427"]
[BlackFideId "12962260"]
[EventDate "2016.06.26"]

1. e4 c5 2. Nf3 d6 3. Bb5+ Bd7 4. Bxd7+ Qxd7 5. c4 g6 6. O-O Bg7 7. Re1 Nc6 8.
Nc3 e6 9. d3 Nge7 10. Rb1 O-O 11. Bf4 Nd4 12. Nxd4 cxd4 13. Ne2 e5 14. Bg5 f6
15. Bd2 f5 16. f3 fxe4 17. dxe4 Kh8 18. a4 Rac8 19. b3 Nc6 20. Nc1 Nd8 21. Nd3
Ne6 22. Qc1 Rf7 23. Rf1 Qe7 24. Qa3 g5 25. Bb4 Nc5 26. Bxc5 dxc5 27. Qc1 a5 28.
Qe1 b6 29. Rb2 Rc6 30. Qg3 Rg6 31. Qg4 Qe6 32. Qg3 h5 33. Qe1 Bh6 34. h3 g4 35.
hxg4 hxg4 36. f4 exf4 37. e5 f3 38. Qh4 Kg7 39. g3 Be3+ 40. Rbf2 Rh6 41. Qd8 Rh3 0-1

[Event "World Senior Teams +65"]
[Site "Radebeul GER"]
[Date "2016.06.27"]
[Round "2.25"]
[Board "2"]
[White "Roos, Hans-Goerg"]
[Black "Werner, Helmut"]
[Result "1-0"]
[WhiteElo "1948"]
[BlackElo "1913"]
[WhiteTeam "Saxone"]
[BlackTeam "BSV Chemie Radebeul"]
[WhiteFideId "4689496"]
[BlackFideId "16203348"]
[EventDate "2016.06.26"]

1. Nf3 Nf6 2. g3 d5 3. Bg2 Bf5 4. d3 e6 5. O-O Bd6 6. Nbd2 O-O 7. Qe1 Bg6 8. Nh4
c6 9. e4 dxe4 10. dxe4 e5 11. Nxg6 hxg6 12. Nc4 Bc7 13. a4 Nbd7 14. b4 Rb8 15.
Be3 b6 16. Rd1 Qe7 17. Bg5 Qe6 18. Qc3 Nh7 19. Bc1 f6 20. Rd3 Rfd8 21. Rfd1 Ndf8
22. Rxd8 Rxd8 23. Rxd8 Bxd8 24. Bf1 Qd7 25. Ne3 Kh8 26. b5 c5 27. Nd5 Ne6 28.
Bh3 Qd6 29. Bxe6 Qxe6 30. Qd3 Qd7 31. f4 exf4 32. Nxf4 Qxd3 33. Nxg6+ Kg8 34.
cxd3 Kf7 35. Nh4 g6 36. Nf3 Nf8 37. Bf4 Ke7 38. e5 Nd7 39. exf6+ Nxf6 40. Ne5
Nd5 41. Nxg6+ Kf6 42. Ne5 Nc3 43. Kf2 Nxa4 44. Nc6 Be7 45. Nxe7 Kxe7 46. Bb8 Kd7
47. Be5 Ke6 48. Ba1 Kd5 49. h4 c4 50. dxc4+ Kxc4 51. h5 Nc5 52. Kf3 Ne6 53. h6
Nf8 54. Ke4 Kxb5 55. Kf5 Kc6 56. Kf6 Kd7 57. Kf7 Ne6 58. Bf6 1-0

[Event "World Senior Teams +65"]
[Site "Radebeul GER"]
[Date "2016.06.27"]
[Round "2.25"]
[Board "4"]
[White "Zanger, Konrad"]
[Black "Fitzner, Hans"]
[Result "1-0"]
[WhiteElo "1777"]
[BlackElo "1356"]
[WhiteTeam "Saxone"]
[BlackTeam "BSV Chemie Radebeul"]
[WhiteFideId "24615722"]
[BlackFideId "12998575"]
[EventDate "2016.06.26"]

1. d4 Nf6 2. Nf3 e6 3. e3 Nc6 4. a3 a6 5. Bd3 d5 6. O-O b5 7. Nbd2 Bd6 8. c3 O-O
9. Qc2 Re8 10. e4 dxe4 11. Nxe4 e5 12. Bg5 exd4 13. cxd4 Bb7 14. Bh4 Be7 15.
Nxf6+ Bxf6 16. Bxf6 Qxf6 17. Bxh7+ Kh8 18. Qf5 Bc8 19. Qxf6 gxf6 20. Bd3 Ne7 21.
Rfe1 Be6 22. Rac1 c6 23. Nd2 Bd5 24. Ne4 Kg7 25. Re3 Rg8 26. Rg3+ Kf8 27. Nxf6
Rxg3 28. hxg3 Kg7 29. Nh5+ Kf8 30. Nf4 Ke8 31. f3 Kd7 32. Kf2 Rh8 33. g4 Kc7 34.
Nh5 Kb6 35. Re1 Nc8 36. b4 Nd6 37. Nf6 Rc8 38. Re7 Bc4 39. Be4 Ra8 40. Nd7+ Ka7
41. Bxc6 Re8 42. Rxe8 Nxe8 43. Ne5 f6 44. Bxe8 fxe5 45. dxe5 1-0

[Event "World Senior Teams +65"]
[Site "Radebeul GER"]
[Date "2016.06.28"]
[Round "3.1"]
[Board "2"]
[White "Stokes, Michael"]
[Black "Balashov, Yuri S"]
[Result "1/2-1/2"]
[BlackTitle "GM"]
[WhiteElo "2187"]
[BlackElo "2408"]
[WhiteTeam "England 1"]
[BlackTeam "Russia 65+"]
[WhiteFideId "442542"]
[BlackFideId "4100263"]
[EventDate "2016.06.26"]

1. e4 e5 2. Nf3 Nc6 3. Bb5 a6 4. Ba4 Nf6 5. O-O Be7 6. Bxc6 dxc6 7. d3 Nd7 8.
Nbd2 O-O 9. Nc4 f6 10. Nh4 Nc5 11. Qf3 Ne6 12. Nf5 Nd4 13. Nxd4 exd4 14. Qg3 Rf7
15. Bf4 Bf8 16. h4 Be6 17. Nd2 Qd7 18. Nf3 Re8 19. a4 a5 20. Rfe1 c5 21. b3 Bg4
22. Nd2 Bh5 23. Nc4 b6 24. f3 Rfe7 25. Na3 Bf7 26. Nb5 Rc8 27. Rad1 Be6 28. Rd2
Rf7 29. Rde2 Kh8 30. Na7 Re8 31. Nb5 Rc8 32. Na7 Re8 1/2-1/2

[Event "World Senior Teams +65"]
[Site "Radebeul GER"]
[Date "2016.06.28"]
[Round "3.1"]
[Board "3"]
[White "Zhelnin, Vladimir V"]
[Black "Quinn, John M"]
[Result "1/2-1/2"]
[WhiteTitle "IM"]
[WhiteElo "2455"]
[BlackElo "2152"]
[WhiteTeam "Russia 65+"]
[BlackTeam "England 1"]
[WhiteFideId "4105567"]
[BlackFideId "405043"]
[EventDate "2016.06.26"]

1. e4 c5 2. c4 Nc6 3. Nc3 g6 4. g3 Bg7 5. Bg2 d6 6. d3 e6 7. Nge2 Nge7 8. O-O
O-O 9. Bg5 a6 10. Qd2 Rb8 11. Bh6 b5 12. Bxg7 Kxg7 13. cxb5 axb5 14. f4 b4 15.
Na4 Qd7 16. b3 Qa7 17. Kh1 Bd7 18. e5 Nd4 19. Nxd4 cxd4 20. exd6 Nf5 21. Nb2
Nxd6 22. Nc4 Nf5 23. Rfe1 Bb5 24. Be4 1/2-1/2

[Event "World Senior Teams +65"]
[Site "Radebeul GER"]
[Date "2016.06.28"]
[Round "3.1"]
[Board "4"]
[White "Farrand, Julian T"]
[Black "Pushkov, Nikolai"]
[Result "1/2-1/2"]
[BlackTitle "GM"]
[WhiteElo "2048"]
[BlackElo "2315"]
[WhiteTeam "England 1"]
[BlackTeam "Russia 65+"]
[WhiteFideId "24602469"]
[BlackFideId "4117131"]
[EventDate "2016.06.26"]

1. d4 Nf6 2. Nc3 d5 3. Bg5 Nbd7 4. f3 e6 5. e4 Be7 6. e5 Ng8 7. Bxe7 Nxe7 8. f4
a6 9. Nf3 b6 10. Bd3 c5 11. O-O c4 12. Be2 b5 13. b4 Nb6 14. Qd2 Bd7 15. h3 h5
16. a3 h4 17. Rfe1 Nf5 18. Ng5 Qe7 19. Bg4 Ng3 20. Ne2 Nxe2+ 21. Rxe2 g6 22. c3
a5 23. Ree1 Kf8 24. Reb1 Kg7 25. Bd1 Ra7 26. Ra2 Rha8 27. Rba1 Bc6 28. Qf2 Rh8
29. Kh2 Ra6 30. Qd2 axb4 31. axb4 Rxa2 32. Rxa2 Na4 33. Bxa4 bxa4 34. Qe1 Bd7
35. Kg1 Bb5 36. Kh1 Qa7 37. Ra3 Qe7 38. Ra2 1/2-1/2

[Event "World Senior Teams +65"]
[Site "Radebeul GER"]
[Date "2016.06.28"]
[Round "3.2"]
[Board "1"]
[White "Rahls, Peter"]
[Black "Faibisovich, Vadim Z"]
[Result "0-1"]
[WhiteTitle "FM"]
[BlackTitle "IM"]
[WhiteElo "2160"]
[BlackElo "2348"]
[WhiteTeam "Berlin"]
[BlackTeam "Sankt-Petersburg"]
[WhiteFideId "4613023"]
[BlackFideId "4102703"]
[EventDate "2016.06.26"]

1. e4 e5 2. Nf3 Nc6 3. Bc4 Nf6 4. Ng5 d5 5. exd5 Na5 6. Bb5+ c6 7. dxc6 bxc6 8.
Bd3 Be7 9. O-O O-O 10. Nc3 h6 11. Nf3 Bd6 12. Re1 Qc7 13. Be4 Rd8 14. d3 Rb8 15.
Nh4 Bg4 16. Bf3 Be6 17. Ne4 Be7 18. Nxf6+ Bxf6 19. g3 Nc4 20. b3 Nd6 21. Bb2
Bxh4 22. gxh4 f6 23. Bg4 Nf5 24. Qf3 Qd7 25. Re4 c5 26. Rae1 Nd4 27. Bxe6+ Nxe6
28. Qf5 Qc6 29. Rg4 Kh8 30. Re3 Rb4 31. c4 Rb7 32. Bc1 Nf4 33. Rxf4 exf4 34.
Qxf4 Rbd7 35. Qf5 Rd4 36. Ba3 Qd7 37. Qxd7 R8xd7 38. Bxc5 Rxd3 39. Rxd3 Rxd3 40.
Bxa7 Rd2 41. b4 Rxa2 42. Bb6 Rc2 43. c5 Kg8 44. Kg2 Kf7 45. h5 Rc4 46. b5 Rb4
47. c6 Ke6 48. Be3 Rxb5 49. c7 Kd7 50. Bf4 Rxh5 51. h4 Rc5 52. Bg3 h5 53. Kf3 g5
54. hxg5 fxg5 55. Kg2 Rxc7 56. Bxc7 Kxc7 57. Kg3 Kd6 58. Kf3 Ke5 59. Kg3 Ke4 60.
f3+ Ke3 0-1

[Event "World Senior Teams +65"]
[Site "Radebeul GER"]
[Date "2016.06.28"]
[Round "3.2"]
[Board "2"]
[White "Mishuchkov, Nikolai M."]
[Black "Sprotte, Norbert"]
[Result "1/2-1/2"]
[WhiteTitle "IM"]
[WhiteElo "2306"]
[BlackElo "2216"]
[WhiteTeam "Sankt-Petersburg"]
[BlackTeam "Berlin"]
[WhiteFideId "4102401"]
[BlackFideId "4607015"]
[EventDate "2016.06.26"]

1. d4 Nf6 2. Nf3 c5 3. d5 b5 4. Bg5 Qb6 5. Bxf6 Qxf6 6. c3 Qb6 7. e4 g6 8. Nbd2
Bg7 9. a4 b4 10. Nc4 Qd8 11. cxb4 cxb4 12. Be2 d6 13. O-O O-O 14. Nd4 Bd7 15.
Qd2 Na6 16. Nb3 Qb8 17. Nca5 Qb6 18. Nc4 Qb8 19. e5 Rd8 20. Nca5 Qb6 21. Nc4 Qb8
22. Nca5 Qb6 23. Nc4 1/2-1/2

[Event "World Senior Teams +65"]
[Site "Radebeul GER"]
[Date "2016.06.28"]
[Round "3.2"]
[Board "3"]
[White "Neese, Hans-Joachim"]
[Black "Karasev, Vladimir I"]
[Result "0-1"]
[WhiteTitle "FM"]
[BlackTitle "IM"]
[WhiteElo "2159"]
[BlackElo "2347"]
[WhiteTeam "Berlin"]
[BlackTeam "Sankt-Petersburg"]
[WhiteFideId "4635019"]
[BlackFideId "4103971"]
[EventDate "2016.06.26"]

1. d4 Nf6 2. Nf3 d6 3. c4 c6 4. Nc3 Bg4 5. e4 Bxf3 6. Qxf3 e5 7. d5 Nbd7 8. Bd3
Be7 9. O-O O-O 10. Bc2 cxd5 11. cxd5 Rc8 12. Be3 b5 13. Rac1 a6 14. Bb1 Nb6 15.
b3 Nfd7 16. Qg4 Nc5 17. Ne2 Qd7 18. Qxd7 Nbxd7 19. g3 b4 20. f3 a5 21. Rfd1 Bd8
22. Bd3 Bb6 23. Kf2 Nxd3+ 24. Rxd3 Rxc1 25. Nxc1 Rc8 26. Bxb6 Nxb6 27. Rd1 Rc2+
28. Ne2 Rxa2 29. Rc1 Kf8 30. Rc6 Nd7 31. Rxd6 Nc5 32. Ke3 Nxb3 33. f4 f6 34.
fxe5 fxe5 35. Re6 Rxe2+ 0-1

[Event "World Senior Teams +65"]
[Site "Radebeul GER"]
[Date "2016.06.28"]
[Round "3.2"]
[Board "4"]
[White "Blechzin, Igor"]
[Black "Glatthor, Thomas"]
[Result "1/2-1/2"]
[WhiteTitle "IM"]
[WhiteElo "2349"]
[BlackElo "2042"]
[WhiteTeam "Sankt-Petersburg"]
[BlackTeam "Berlin"]
[WhiteFideId "4116208"]
[BlackFideId "24697400"]
[EventDate "2016.06.26"]

1. c4 d6 2. d4 e5 3. Nf3 Nc6 4. Nc3 exd4 5. Nxd4 Nxd4 6. Qxd4 Be6 7. e4 Ne7 8.
Be3 Nc6 9. Qd2 Be7 10. Be2 O-O 11. f4 f5 12. exf5 Bxf5 13. O-O-O Be6 14. g4 Bf6
15. f5 Bf7 16. Ne4 Re8 17. Bd3 Ne5 18. Nxf6+ Qxf6 19. Bd4 Qh4 20. Bxe5 Rxe5 21.
Kb1 Rae8 22. Qg2 d5 23. g5 g6 24. Rhf1 dxc4 25. Bc2 c6 26. Qf3 Bd5 27. Qg3 Qxg3
28. hxg3 gxf5 29. Rxf5 Re1 30. Kc1 Rxd1+ 31. Kxd1 Be4 32. Rf6 Kg7 33. Rd6 Bxc2+
34. Kxc2 Kf7 35. Kc3 Re6 36. Rd7+ Re7 37. Rd6 Ke8 38. g6 Re3+ 39. Kxc4 Rxg3 40.
gxh7 Rh3 41. a4 Rxh7 42. b4 Rh4+ 43. Kb3 Ke7 44. Rd1 Rh5 45. Kc4 Rh6 46. Rg1 Rh7
47. Ra1 1/2-1/2

[Event "World Senior Teams +65"]
[Site "Radebeul GER"]
[Date "2016.06.28"]
[Round "3.3"]
[Board "2"]
[White "Van Herck, Marcel"]
[Black "Schubert, Thomas"]
[Result "1/2-1/2"]
[BlackTitle "FM"]
[WhiteElo "2155"]
[BlackElo "2362"]
[WhiteTeam "Belgium 1"]
[BlackTeam "Schachfreunde Leipzig"]
[WhiteFideId "200344"]
[BlackFideId "4643038"]
[EventDate "2016.06.26"]

1. e4 c6 2. d4 d5 3. Nc3 dxe4 4. Nxe4 Nf6 5. Nxf6+ exf6 6. Bc4 Qe7+ 7. Qe2 Be6
8. Bb3 a5 9. Nf3 a4 10. Bxe6 Qxe6 11. Bf4 Nd7 12. Qxe6+ fxe6 13. O-O Kf7 14. c4
Be7 15. Rac1 Rhc8 16. Rc2 Nf8 17. Nd2 Ng6 18. Be3 f5 19. Nf3 h6 20. g3 Bd6 21.
h4 Nf8 22. Rd1 Nd7 23. Ne1 Be7 24. Nd3 g5 25. hxg5 hxg5 26. f3 Bf6 27. Kg2 Rd8
28. Rcd2 Nb6 29. b3 axb3 30. axb3 Nd7 31. Ne5+ Nxe5 32. dxe5 Be7 33. Rd7 Ra2+
34. Kg1 Rxd7 35. Rxd7 Ke8 36. Rxb7 Re2 37. Bf2 c5 38. Rb5 Rb2 39. Bxc5 Bxc5+ 40.
Rxc5 Rxb3 41. Kf2 Rb2+ 1/2-1/2

[Event "World Senior Teams +65"]
[Site "Radebeul GER"]
[Date "2016.06.28"]
[Round "3.3"]
[Board "3"]
[White "Schoeneberg, Manfred"]
[Black "Schuermans, Robert"]
[Result "1/2-1/2"]
[WhiteTitle "FM"]
[WhiteElo "2245"]
[BlackElo "2128"]
[WhiteTeam "Schachfreunde Leipzig"]
[BlackTeam "Belgium 1"]
[WhiteFideId "4611845"]
[BlackFideId "200263"]
[EventDate "2016.06.26"]

1. e4 e5 2. Nc3 Nf6 3. g3 Bc5 4. Bg2 d6 5. h3 a6 6. Nge2 Nc6 7. d3 h6 8. O-O Be6
9. Nd5 Bxd5 10. exd5 Ne7 11. d4 exd4 12. Nxd4 O-O 13. c4 Qd7 14. Be3 Ng6 15. a3
a5 16. Nc2 Bxe3 17. Nxe3 Rfe8 18. Re1 Re7 19. b4 axb4 20. axb4 Rae8 21. Ra7 Ne4
22. Qg4 Qxg4 23. hxg4 Nxg3 24. Rxb7 Nf4 25. Bf3 g6 26. Rd1 Nge2+ 27. Kf1 Ng3+
28. Kg1 Nge2+ 29. Kf1 Ng3+ 30. Kg1 1/2-1/2

[Event "World Senior Teams +65"]
[Site "Radebeul GER"]
[Date "2016.06.28"]
[Round "3.3"]
[Board "4"]
[White "Maes, Valeer"]
[Black "Braun, Gottfried"]
[Result "1/2-1/2"]
[BlackTitle "FM"]
[WhiteElo "2084"]
[BlackElo "2240"]
[WhiteTeam "Belgium 1"]
[BlackTeam "Schachfreunde Leipzig"]
[WhiteFideId "201634"]
[BlackFideId "4611489"]
[EventDate "2016.06.26"]

1. d4 d6 2. Nf3 Nf6 3. Bg5 Nbd7 4. c4 h6 5. Bxf6 Nxf6 6. Nc3 g6 7. e3 Bg7 8. Be2
O-O 9. O-O Bf5 10. Bd3 Bxd3 11. Qxd3 Nd7 12. Rfd1 e6 13. b4 Qe7 14. Rab1 Rfd8
15. Qc2 c6 16. c5 Nf6 17. Ne4 Nxe4 18. Qxe4 d5 19. Qc2 a6 20. a4 e5 21. Nxe5
Bxe5 22. dxe5 Qxe5 23. Rd4 Qe7 24. h3 Rac8 25. Rbd1 Qf6 26. e4 dxe4 27. Rxd8+
Rxd8 28. Rxd8+ Qxd8 29. Qxe4 Qd1+ 30. Kh2 Qb3 31. a5 Qb2 1/2-1/2

[Event "World Senior Teams +65"]
[Site "Radebeul GER"]
[Date "2016.06.28"]
[Round "3.4"]
[Board "1"]
[White "Rotstein, Jefim"]
[Black "Frick, Christoph"]
[Result "0-1"]
[WhiteTitle "FM"]
[WhiteElo "2332"]
[BlackElo "2243"]
[WhiteTeam "Germany 2"]
[BlackTeam "Eck-Gunners"]
[WhiteFideId "14101033"]
[BlackFideId "4607090"]
[EventDate "2016.06.26"]

1. d4 d5 2. Nf3 Nf6 3. e3 c6 4. c4 e6 5. Nc3 Nbd7 6. Qc2 Bd6 7. Be2 O-O 8. O-O
dxc4 9. Bxc4 b5 10. Be2 Bb7 11. e4 e5 12. dxe5 Nxe5 13. Nxe5 Bxe5 14. Be3 Qe7
15. f3 Rfd8 16. Rfd1 a6 17. Rxd8+ Rxd8 18. Rd1 c5 19. a4 Bd4 20. Bxd4 cxd4 21.
Nb1 bxa4 22. Qxa4 g5 23. Na3 Qc5 24. Bd3 g4 25. Qc2 Qe7 26. Nc4 gxf3 27. gxf3
Kh8 28. Kh1 Nh5 29. Qf2 Qf6 30. Nd2 Nf4 31. Bc4 Rg8 32. Rg1 Rg6 33. Rxg6 hxg6
34. Nb3 d3 35. Nc5 Nh3 36. Qg3 Kg7 37. Nxd3 Bxe4 38. Qxh3 Bxf3+ 39. Kg1 Qd4+ 40.
Kf1 Bg4 41. Qg3 Qxc4 42. b3 Qxb3 43. Qe5+ Kh7 44. Nf4 Qb5+ 45. Qxb5 axb5 46. Nd5
Be6 47. Nb4 Kg7 48. Kf2 Kf6 49. Ke3 Ke5 50. h4 Bc4 51. Nc6+ Kd5 52. Nb4+ Kc5 53.
Na6+ Kb6 54. Nb4 Ka5 55. Nc6+ Ka4 56. Kd4 Kb3 57. Na5+ Kb4 58. Nc6+ Ka3 59. Kc5
Kb2 60. Kd4 Kc2 61. Nb4+ Kd2 62. Nc6 Bf1 63. Nb4 Be2 64. Nd5 Bf3 65. Nc7 b4 66.
Kc4 Ke3 67. Kxb4 Kf4 68. Kc5 Kg4 69. Kd6 Kxh4 70. Ke7 f5 71. Kf6 Bh5 72. Nd5 Kg4
73. Ke5 Kg3 74. Nf4 Kf3 75. Ne6 Kg4 76. Nf4 g5 77. Nd5 f4 78. Nf6+ Kh4 79. Nd5
Kg3 80. Kf5 Bf7 0-1

[Event "World Senior Teams +65"]
[Site "Radebeul GER"]
[Date "2016.06.28"]
[Round "3.4"]
[Board "2"]
[White "Krauseneck, Peter"]
[Black "Khanukov, Boris"]
[Result "1/2-1/2"]
[BlackTitle "IM"]
[WhiteElo "2186"]
[BlackElo "2323"]
[WhiteTeam "Eck-Gunners"]
[BlackTeam "Germany 2"]
[WhiteFideId "4602986"]
[BlackFideId "4680898"]
[EventDate "2016.06.26"]

1. d4 d5 2. Nc3 Nf6 3. Bf4 e6 4. e3 Bd6 5. Nh3 O-O 6. Nb5 Bxf4 7. Nxf4 a6 8. Na3
c5 9. c3 Qe7 10. Be2 e5 11. dxe5 Qxe5 12. O-O Nc6 13. Bf3 Rd8 14. Qe2 Bf5 15.
Rfd1 Be4 16. Bxe4 Qxe4 17. Qf3 Qxf3 18. gxf3 g5 19. Ne2 Kg7 20. Rd2 h5 21. h3 b5
22. Rad1 Kg6 23. Kg2 Re8 24. f4 g4 25. hxg4 hxg4 26. Rh1 Rh8 27. Rdd1 Ne7 28.
Ng3 Nf5 29. Nxf5 Kxf5 30. Nc2 Rad8 31. b4 c4 32. Nd4+ Kg6 33. Nc6 Rxh1 34. Rxh1
Re8 35. Rd1 Kg7 36. Nd4 Kg6 37. Ne2 Ra8 38. a4 a5 39. axb5 axb4 40. cxb4 Ra2 41.
Nc3 Rb2 42. Nxd5 Nxd5 43. Rxd5 f5 44. Rc5 Rxb4 45. Kg3 Rb1 46. Rxc4 Rxb5 47.
Rc6+ Kh5 48. Re6 Rb6 49. Re5 Kg6 50. Ra5 Rc6 51. Kh4 Re6 52. Ra8 Rb6 53. Rg8+
Kf7 54. Rg5 Kf6 55. Kh5 Rb2 56. Rg6+ Kf7 57. Kg5 Rxf2 58. Rf6+ Ke7 59. Kxf5 Rf3
60. Re6+ Kf7 61. Re5 g3 62. Ke4 g2 63. Rg5 Rf2 64. Ke5 Ra2 65. Rg3 Rb2 66. f5
Ra2 67. e4 Rf2 68. Rg4 Re2 69. Kf4 Rf2+ 70. Ke3 Ra2 71. Kf3 Ra3+ 72. Kxg2 Kf6
73. Rg3 Ra2+ 74. Kf3 Ke5 75. Rg4 Ra3+ 76. Kg2 Re3 77. Rg6 Rxe4 78. f6 Rf4 1/2-1/2

[Event "World Senior Teams +65"]
[Site "Radebeul GER"]
[Date "2016.06.28"]
[Round "3.4"]
[Board "3"]
[White "Salov, Sergej"]
[Black "Weisenburger, Horst"]
[Result "1-0"]
[WhiteTitle "IM"]
[WhiteElo "2198"]
[BlackElo "2170"]
[WhiteTeam "Germany 2"]
[BlackTeam "Eck-Gunners"]
[WhiteFideId "4107926"]
[BlackFideId "4654536"]
[EventDate "2016.06.26"]

1. e4 c5 2. Nf3 d6 3. Bb5+ Nd7 4. O-O a6 5. Bd3 Ne5 6. Nxe5 dxe5 7. b3 h5 8. Bb2
Qd6 9. a4 g5 10. Na3 Qc7 11. Be2 h4 12. d3 Bd7 13. Bc3 a5 14. Qd2 Ra6 15. Bxa5
Qb8 16. Bb6 Rh6 1-0

[Event "World Senior Teams +65"]
[Site "Radebeul GER"]
[Date "2016.06.28"]
[Round "3.4"]
[Board "4"]
[White "Gass, Ulrich"]
[Black "Gruzmann, Boris"]
[Result "1/2-1/2"]
[BlackTitle "FM"]
[WhiteElo "2081"]
[BlackElo "2202"]
[WhiteTeam "Eck-Gunners"]
[BlackTeam "Germany 2"]
[WhiteFideId "4683307"]
[BlackFideId "4105290"]
[EventDate "2016.06.26"]

1. e4 c5 2. Nf3 d6 3. d4 cxd4 4. Qxd4 a6 5. Bg5 Bg4 6. Be2 Bxf3 7. Bxf3 Qa5+ 8.
Qd2 Qxd2+ 9. Kxd2 h6 10. Be3 Nc6 11. Bb6 Nf6 12. Nc3 e6 13. Rad1 Rc8 14. Kc1 Be7
15. Be2 Bd8 16. Bxd8 Rxd8 17. Rd2 Ke7 1/2-1/2

[Event "World Senior Teams +65"]
[Site "Radebeul GER"]
[Date "2016.06.28"]
[Round "3.5"]
[Board "1"]
[White "Haubt, Georg"]
[Black "Werner, Clemens"]
[Result "1/2-1/2"]
[WhiteTitle "FM"]
[BlackTitle "FM"]
[WhiteElo "2132"]
[BlackElo "2334"]
[WhiteTeam "Hessen 1"]
[BlackTeam "Germany 1"]
[WhiteFideId "4604016"]
[BlackFideId "4604636"]
[EventDate "2016.06.26"]

1. d4 d5 2. Bf4 Nf6 3. e3 e6 4. Nc3 Be7 5. Nf3 O-O 6. Be2 c5 7. Nb5 Ne8 8. dxc5
a6 9. Nd6 Nxd6 10. cxd6 Bxd6 11. Bxd6 Qxd6 12. c4 Rd8 13. O-O Nc6 14. cxd5 Qxd5
15. Qxd5 Rxd5 16. Rfd1 Rxd1+ 1/2-1/2

[Event "World Senior Teams +65"]
[Site "Radebeul GER"]
[Date "2016.06.28"]
[Round "3.5"]
[Board "2"]
[White "Baum, Bernd"]
[Black "Zunker, Reinhard"]
[Result "1/2-1/2"]
[WhiteTitle "FM"]
[BlackTitle "FM"]
[WhiteElo "2237"]
[BlackElo "2134"]
[WhiteTeam "Germany 1"]
[BlackTeam "Hessen 1"]
[WhiteFideId "4611853"]
[BlackFideId "4617711"]
[EventDate "2016.06.26"]

1. c4 e5 2. g3 Nc6 3. Bg2 g6 4. Nc3 Bg7 5. d3 d6 6. e4 Nd4 7. Nce2 Ne6 8. Be3
Ne7 9. Qd2 Nc6 10. O-O-O Rb8 11. Nf3 Ncd4 12. Nfxd4 exd4 13. Bh6 Bxh6 14. Qxh6
c5 15. f4 Qf6 16. f5 Qg7 17. Qd2 Nd8 18. Rhf1 Nc6 19. Nf4 Qe5 20. Nd5 h6 21.
fxg6 fxg6 22. Rf6 Ne7 23. Rdf1 g5 24. Qf2 Nxd5 25. Rf8+ Kd7 26. cxd5 Kc7 27.
Rf7+ Kb6 28. b4 cxb4 29. Qb2 a5 30. a3 Bg4 31. axb4 a4 32. Kd2 Rhc8 33. Qa2 Qe8 1/2-1/2

[Event "World Senior Teams +65"]
[Site "Radebeul GER"]
[Date "2016.06.28"]
[Round "3.5"]
[Board "3"]
[White "Biller, Helmut"]
[Black "Haakert, Juergen"]
[Result "1/2-1/2"]
[BlackTitle "FM"]
[WhiteElo "2082"]
[BlackElo "2341"]
[WhiteTeam "Hessen 1"]
[BlackTeam "Germany 1"]
[WhiteFideId "4676068"]
[BlackFideId "4602277"]
[EventDate "2016.06.26"]

1. c4 g6 2. Nc3 Bg7 3. g3 c5 4. Bg2 Nc6 5. e4 Nf6 6. Nge2 O-O 7. O-O Ne8 8. d3
Nc7 9. Be3 Ne6 10. Qd2 Ned4 11. Bh6 Qa5 12. Bxg7 Kxg7 13. Rfd1 Rb8 14. Nxd4 Nxd4
15. Ne2 Qxd2 16. Rxd2 Nxe2+ 17. Rxe2 b5 18. e5 Rd8 19. Rd1 Kf8 20. cxb5 Rxb5 21.
d4 cxd4 22. Rxd4 Bb7 23. Bxb7 Rxb7 24. Red2 Ke8 25. Rc2 Rdb8 26. b3 Kd8 27. f4
Rb4 28. Rcc4 Rxc4 29. Rxc4 Rb6 30. Kf2 f6 1/2-1/2

[Event "World Senior Teams +65"]
[Site "Radebeul GER"]
[Date "2016.06.28"]
[Round "3.5"]
[Board "4"]
[White "Kierzek, Matthias"]
[Black "Mueller, Horst2"]
[Result "1-0"]
[WhiteElo "2230"]
[BlackElo "2165"]
[WhiteTeam "Germany 1"]
[BlackTeam "Hessen 1"]
[WhiteFideId "4647009"]
[BlackFideId "4679660"]
[EventDate "2016.06.26"]

1. d4 Nf6 2. c4 e6 3. Nf3 d5 4. Nc3 Be7 5. Bg5 c6 6. e3 Nbd7 7. Bd3 O-O 8. O-O
dxc4 9. Bxc4 Nd5 10. Bxe7 Qxe7 11. Rc1 Nxc3 12. Rxc3 e5 13. Bb3 e4 14. Nd2 Nf6
15. Qb1 Bf5 16. Rc5 Qd7 17. Nc4 Be6 18. Ne5 Qe7 19. Bxe6 Qxe6 20. b4 a6 21. a3
Rad8 22. Rfc1 Rd5 23. h3 Rfd8 24. Qc2 Ne8 25. Qxe4 f6 26. Qg4 Nc7 27. Qxe6+ Nxe6
28. Rxd5 Rxd5 29. Nd3 Kf7 30. Nc5 Nd8 31. Kf1 Ke7 32. Ke2 Kd6 33. e4 Rg5 34. g4
h5 35. f3 hxg4 36. hxg4 Rg6 37. Rh1 Rh6 38. Rxh6 gxh6 39. Ke3 b6 40. Nxa6 Ne6
41. f4 Nc7 42. e5+ fxe5 43. dxe5+ Kd7 44. f5 Kc8 45. a4 Kd7 46. b5 1-0